Biggest Non-A American Cities on a Map - Statistics

General Stats
  • This quiz has been taken 160 times
  • The average score is 23 of 30
Answers on the Map
Answers color-coded by a green-red scale on the quiz's map according to % correct below.
 
Answer Stats
Population City % Correct
2,304,580 Houston
100%
8,804,190 New York
100%
675,647 Boston
99%
715,522 Denver
98%
1,608,139 Phoenix
98%
639,111 Detroit
94%
633,104 Memphis
93%
350,964 Honolulu
90%
302,971 Pittsburgh
90%
264,165 Reno
90%
905,748 Columbus
89%
542,629 Tucson
86%
918,915 Fort Worth
85%
633,045 Louisville
84%
542,107 Fresno
83%
301,578 St. Louis
81%
317,863 Corpus Christi
74%
270,871 Toledo
74%
322,570 Lexington
72%
291,082 Lincoln
72%
292,449 Jersey City
66%
299,035 Greensboro
64%
317,610 Henderson
63%
257,141 Lubbock
61%
258,308 St. Petersburg
61%
314,998 Riverside
55%
320,804 Stockton
51%
307,670 Irvine
44%
256,684 Irving
39%
267,918 Gilbert
38%
No matching quizzes found
Score Distribution
Percent of People with Each Score
Percentile by Number Answered
Your Score History
You have not taken this quiz